THE COLLECTIORS'CHUGHTAI (Record no. 180220)

MARC details
000 -LEADER
fixed length control field 00519nam a22001817a 4500
005 - DATE AND TIME OF LATEST TRANSACTION
control field 20210729155223.0
010 ## - LCCN (DPL NO)
LC control number ENG-129650
020 ## - INTERNATIONAL STANDARD BOOK NUMBER
International Standard Book Number 978-93-85606-32-8
035 ## - SYSTEM CONTROL NUMBER
System control number EN-113182
037 ## - SOURCE OF ACQUISITION
Source of stock number/acquisition DBAD/PUB
082 ## - DEWEY DECIMAL CLASSIFICATION NUMBER
Classification number S
Item number 1
100 ## - MAIN ENTRY--PERSONAL NAME
Personal name CHUGHTAI ISMAT
245 ## - TITLE STATEMENT
Title THE COLLECTIORS'CHUGHTAI
Statement of responsibility, etc ISMAT CHUGHTAI
Remainder of title HER CHOICEST STORIES
260 ## - PUBLICATION, DISTRIBUTION, ETC. (IMPRINT)
Place of publication, distribution, etc NEW DELHI
Name of publisher, distributor, etc WOMEN UNLIMITED
Date of publication, distribution, etc 2021
270 ## - ADDRESS
Address 7/10 FIRST FLOOR,SARVAPRIYA VIHAR
City NEW DELHI
Postal code 110016
300 ## - PHYSICAL DESCRIPTION
Extent 362 pages
Other physical details 22cm(pbk)
942 ## - ADDED ENTRY ELEMENTS (KOHA)
Source of classification or shelving scheme Dewey Decimal Classification
Item type English Books
Classification part S
Call number prefix CHU
Holdings
Withdrawn status Lost status Not for loan Collection code Home library Current library Date acquired Source of acquisition Cost, normal purchase price Full call number Barcode Copy number Cost, replacement price Koha item type
      Fiction Shahdara Branch Shahdara Branch 29/07/2021 DBAD/PUB 675.00 S EN-113182 1 675.00 English Books

© Delhi Public Library
Hit Counter
free hit counter